00465nam a2200181Ia 4500003000400000005001700004006001900021007000300040008004100043024001000084037001200094040002000106041001300126082001400139100002500153245009600178260000900274OSt20220928145412.0a|||||r|||| 00| 0 ta220927b |||||||| |||| 00| 0 eng d a80518 cTextual aSDCLcSDCLbeng 2engaeng aV53'K, K9 aChurch William F Ed. 0aImpact of absolutism in Franceb National experience under Richelieu Mazarin, and Louis XVI c1969